Padantharavayanakal (പാഠാന്തരവായനകൾ) (Record no. 115496)

MARC details
000 -LEADER
fixed length control field 00432 a2200157 4500
005 - DATE AND TIME OF LATEST TRANSACTION
control field 20260429153739.0
008 - FIXED-LENGTH DATA ELEMENTS--GENERAL INFORMATION
fixed length control field 260429b |||||||| |||| 00| 0 eng d
020 ## - INTERNATIONAL STANDARD BOOK NUMBER
International Standard Book Number 9788119911738
080 ## - UNIVERSAL DECIMAL CLASSIFICATION NUMBER
Universal Decimal Classification number FM
Item number RAV/P
100 ## - MAIN ENTRY--PERSONAL NAME
Personal name Raveendran,P.P
245 ## - TITLE STATEMENT
Title Padantharavayanakal (പാഠാന്തരവായനകൾ)
260 ## - PUBLICATION, DISTRIBUTION, ETC. (IMPRINT)
Name of publisher, distributor, etc SPCS
Place of publication, distribution, etc Kottayam
Date of publication, distribution, etc 2024
300 ## - PHYSICAL DESCRIPTION
Extent 231p.
653 ## - INDEX TERM--UNCONTROLLED
Uncontrolled term Essays - Malayalam Literature
942 ## - ADDED ENTRY ELEMENTS (KOHA)
item type Books
Holdings
Lost status Source of classification or shelving scheme Not for loan Home library Current library Date acquired Cost, normal purchase price Total Checkouts Full call number Barcode Date last seen Cost, replacement price Price effective from Koha item type Public note
  Universal Decimal Classification Not For Loan University Library University Library 06/03/2026 226.68   FM RAV/P 00097580 06/03/2026 340.00 06/03/2026 Books processing
University Library, CUSAT